000 00721nam a22002177a 4500
003 UA-OsUOA
001 87619
007 ta
008 20120920b un ||||| |||| 00| 0 ukr d
090 _a94 (73)
_bО - 75
942 _cBK
040 _aUA-OsUOA
_brus
_cUA-OsUOA
_dUA-OsUOA
245 _aОсновные проблемы истории США в американской историографии: От колониального периода до гражданской войны 1861-1865 гг.
300 _a373 с.
955 _a4
041 _arus
080 _a94 (73)
260 _aМ.
_bНаука
_c1971
650 7 _a9 Географія. Біографії. Історія
_2UDC
999 _c373889
_d373889